| Tag |
First Indicator |
Second Indicator |
Subfields |
| LEADER |
00000cam a2200000 a 4500 |
| 001 |
in00000071628 |
| 005 |
20151008062322.0 |
| 008 |
790329s1979 nyua 00110 engm |
| 010 |
|
|
|a 78068059
|
| 020 |
|
|
|a 0155628151
|
| 035 |
|
|
|a (OCoLC)04651914
|
| 035 |
|
|
|9 AAJ9968AM
|
| 040 |
|
|
|a DLC
|c DLC
|d m.c.
|d TXA
|d UtOrBLW
|
| 049 |
|
|
|a TXAM
|c [1501960]
|
| 050 |
0 |
0 |
|a PE1408
|b .B699 1979
|
| 082 |
0 |
|
|a 808/.04275
|
| 100 |
1 |
|
|a Brooks, Cleanth,
|d 1906-1994.
|
| 245 |
1 |
0 |
|a Modern rhetoric /
|c Cleanth Brooks, Robert Penn Warren.
|
| 250 |
|
|
|a 4th ed.
|
| 264 |
|
1 |
|a New York :
|b Harcourt Brace Jovanovich,
|c [1979]
|
| 264 |
|
4 |
|c ©1979
|
| 300 |
|
|
|a xiii, 401 pages :
|b illustrations ;
|c 24 cm.
|
| 336 |
|
|
|a text
|b txt
|2 rdacontent
|
| 337 |
|
|
|a unmediated
|b n
|2 rdamedia
|
| 338 |
|
|
|a volume
|b nc
|2 rdacarrier
|
| 500 |
|
|
|a Includes index.
|
| 650 |
|
0 |
|a English language
|x Rhetoric.
|
| 700 |
1 |
|
|a Warren, Robert Penn,
|d 1905-1989.
|
| 999 |
|
|
|a MARS
|
| 999 |
f |
f |
|s 5a882f56-0a1f-37bb-9159-0c7c1817676e
|i 9dabc518-873a-334d-9fd7-7c976cc8e5de
|t 0
|
| 952 |
f |
f |
|p ric
|a Texas A&M University
|b Rellis Campus
|c Joint Library Facility
|s JLF
|d Remote Storage
|t 0
|e PE1408 .B699 1979
|h Library of Congress classification
|i unmediated -- volume
|m A14806174749
|
| 998 |
f |
f |
|a PE1408 .B699 1979
|t 0
|l Remote Storage
|